000 00416nam a22001697a 4500
005 20160625110149.0
008 160625b xxu||||| |||| 00| 0 eng d
020 _a81-7188-441-5
041 _aeng
082 _b10028
100 _aDebroy, Bibek and Kaushik, PD
_92743
245 _aReforming the labour Market
260 _bAcademic Foundation
_c2005
300 _a417
650 _aManagement
_9241
942 _cBK
999 _c3957
_d3956